Подробности
| 000 -МАРКЕР |
| контрольное поле |
01913nam0a2200349 4500 |
| 001 - ИДЕНТИФИКАТОР ЗАПИСИ |
| контрольное поле |
RU\NLR\bibl\1091514 |
| 005 - ИДЕНТИФИКАТОР ВЕРСИИ |
| контрольное поле |
20260607073904.0 |
| 010 ## - МЕЖДУНАРОДНЫЙ СТАНДАРТНЫЙ НОМЕР КНИГИ (ISBN) |
| Номер (ISBN) |
978-5-16-003066-1 |
| Тираж |
3000 |
| 021 ## - НОМЕР ГОСУДАРСТВЕННОЙ РЕГИСТРАЦИИ |
| Код страны |
Российская Федерация |
| Номер |
2007-26763 |
| Номер Листа государственной регистраци |
1425 |
| 035 ## - ДРУГИЕ СИСТЕМНЫЕ НОМЕРА |
| Идентификатор записи |
(NLR Aleph) 001078646 |
| 100 ## - ДАННЫЕ ОБЩЕЙ ОБРАБОТКИ |
| Данные общей обработки |
20070528d2007 |||y0rusy50 ca |
| 101 0# - ЯЗЫК РЕСУРСА |
| Язык текста, звукозаписи и т.д. |
русский |
| 102 ## - СТРАНА ПУБЛИКАЦИИ ИЛИ ПРОИЗВОДСТВА |
| Страна публикации |
Российская Федерация |
| 105 ## - ПОЛЕ КОДИРОВАННЫХ ДАННЫХ: ТЕКСТОВЫЕ МАТЕРИАЛЫ, МОНОГРАФИЧЕСКИЕ |
| Кодированные данные о монографическом текстовом документе |
y ||||||||| |
| 200 1# - ЗАГЛАВИЕ И СВЕДЕНИЯ ОБ ОТВЕТСТВЕННОСТИ |
| Основное заглавие |
Политология |
| Сведения, относящиеся к заглавию |
учебник |
| -- |
[для студентов, обучающихся по специальности "Финансы и кредит", "Бухгалтерский учет, анализ и аудит", "Мировая экономика и международные отношения" |
| Первые сведения об ответственности |
А.Г. Грязнова, М.А. Эскиндаров, В.Г. Полунина, доктора экон. наук, профессора] |
| Последующие сведения об ответственности |
Фин. акад. при правительстве Рос. Федерации |
| 205 ## - СВЕДЕНИЯ ОБ ИЗДАНИИ |
| Сведения об издании |
3-е изд., перераб. и доп. |
| 210 ## - ПУБЛИКАЦИЯ, РАСПРОСТРАНЕНИЕ И ДР. |
| Место издания, распространения и т.д. |
Москва |
| Имя издателя, распространителя и т. д. |
Инфра-М |
| Дата издания, распространения и т.д. |
2007 |
| 215 ## - ФИЗИЧЕСКАЯ ХАРАКТЕРИСТИКА |
| Специфическое обозначение материала и объем |
394, [1] с. |
| Размеры |
22 |
| 225 1# - СЕРИЯ |
| Основное заглавие серии |
Высшее образование |
| 320 ## - ПРИМЕЧАНИЯ О НАЛИЧИИ В ДОКУМЕНТЕ БИБЛИОГРАФИИ / УКАЗАТЕЛЯ |
| Текст примечания |
Библиогр. в конце гл. |
| 606 1# - НАИМЕНОВАНИЕ ТЕМЫ КАК ПРЕДМЕТ |
| Наименование темы |
Политология |
| Формальный подзаголовок |
Учебники для высших учебных заведений |
| Системный номер авторитетной/нормативной записи |
1294414 |
| Идентификатор авторитетной/нормативной записи |
RU\NLR\auth\66217824 |
| 686 ## - ИНДЕКСЫ ДРУГИХ КЛАССИФИКАЦИЙ |
| Индекс |
Ф.я73 |
| 701 #1 - ИМЯ ЛИЦА - АЛЬТЕРНАТИВНАЯ ОТВЕТСТВЕННОСТЬ |
| Начальный элемент ввода |
Грязнова |
| Часть имени, кроме начального элемента ввода |
А. Г. |
| Даты |
1937- |
| Расширение инициалов личного имени |
Алла Георгиевна |
| Код отношения |
Автор |
| 701 #1 - ИМЯ ЛИЦА - АЛЬТЕРНАТИВНАЯ ОТВЕТСТВЕННОСТЬ |
| Код отношения |
Автор |
| Графика поля |
Кириллица |
| Материалы, к которым относится поле |
rus |
| Начальный элемент ввода |
Эскиндаров |
| Часть имени, кроме начального элемента ввода |
М. А. |
| Даты |
1951- |
| Расширение инициалов личного имени |
Мухадин Абдурахманович |
| Системный номер авторитетной/нормативной записи |
118483 |
| Идентификатор авторитетной/нормативной записи |
RU\NLR\auth\778581 |
| 701 #1 - ИМЯ ЛИЦА - АЛЬТЕРНАТИВНАЯ ОТВЕТСТВЕННОСТЬ |
| Код отношения |
Автор |
| Графика поля |
Кириллица |
| Материалы, к которым относится поле |
rus |
| Начальный элемент ввода |
Полунина |
| Часть имени, кроме начального элемента ввода |
Г. В. |
| Расширение инициалов личного имени |
Галина Владимировна |
| Системный номер авторитетной/нормативной записи |
111553 |
| Идентификатор авторитетной/нормативной записи |
RU\NLR\auth\771531 |
| 712 02 - НАИМЕНОВАНИЕ ОРГАНИЗАЦИИ - ВТОРИЧНАЯ ОТВЕТСТВЕННОСТЬ |
| Код отношения |
Прочие |
| Начальный элемент ввода |
Финансовая академия |
| Идентифицирующий признак |
Москва |
| Системный номер авторитетной/нормативной записи |
315256 |
| Идентификатор авторитетной/нормативной записи |
RU\NLR\AUTH\8820776 |
| 801 #0 - ИСТОЧНИК ЗАПИСИ |
| Страна |
Российская Федерация |
| Организация |
NLR |
| Дата составления |
20070528 |
| Правила каталогизации |
RCR |
| 801 #1 - ИСТОЧНИК ЗАПИСИ |
| Страна |
Российская Федерация |
| Организация |
NLR |
| Дата составления |
20070528 |
| 942 ## - ДОПОЛНИТЕЛЬНЫЕ ЭЛЕМЕНТЫ ЗАПИСИ (АБИС) |
| Тип экземпляра АБИС |
Книга |
| 980 ## - КОЛЛЕКЦИЯ |
| Название коллекции |
Национальная библиография |